[Event "Vienna GM February 2022"]
[Site "Vienna"]
[Date "2022.02.17"]
[Round "1.1"]
[White "Froewis, Georg"]
[Black "Dragnev, Valentin"]
[Result "0-1"]
[WhiteElo "2449"]
[BlackElo "2533"]
[Annotator "TA"]
[PlyCount "98"]
[EventDate "2022.02.16"]
[EventType "tourn"]
[EventCountry "AUT"]
[SourceTitle "playchess.com"]
[Source "ChessBase"]
[SourceQuality "1"]

{[%evp 9,98,0,0,0,0,0,1,3,0,2,0,0,0,-22,-20,-28,-18,-24,-14,-37,-30,-35,0,0,0,-138,-16,-31,-19,-9,-25,-44,-48,-152,-131,-150,-58,-58,-44,-32,-8,-19,-8,-14,8,-17,-30,-56,-18,-207,-182,-199,-202,-258,-256,-314,-282,-539,-433,-437,-429,-430,-423,-422,-420,-562,-486,-475,-464,-476,-470,-464,-453,-477,-312,-308,-287,-281,-276,-362,-353,-364,-364,-350,-343,-365,-360,-399,-402,-361,-284]} 1. d4 Nf6 2. Nf3 d5 3. e3 c5 4. Nbd2 cxd4 5. exd4 Nc6 6. c3 {D04: Colle System.} Bf5 7. Nh4 Bg4 8. f3 {The position is equal.} Bd7 9. f4 {[#]} Qc7 $146 ({Predecessor:} 9... Bg4 10. Qb3 Qc7 11. Bd3 e6 12. h3 Bh5 13. Ndf3 O-O-O 14. O-O Bd6 15. Ne5 Ne4 16. Bxe4 dxe4 17. g4 Bg6 18. Qc4 Kb8 19. Nxc6+ bxc6 20. f5 {½-½ (20) Stubbs,M (2086)-Gonzalez Amaro,A (2138) ICCF email 2021}) 10. g3 g6 11. Bd3 Bh3 12. Ndf3 e6 13. Qe2 Be7 14. Ne5 O-O 15. Nhf3 Rae8 16. Ng5 Bf5 17. h3 (17. g4 $11 {remains equal.} Nxe5 18. fxe5 Nxg4 19. Rg1) 17... Nd7 ({Better is} 17... Nh5 $1 $17 {[%cal Rh5g3]} 18. Rg1 Bxd3 19. Qxd3 Bxg5 20. fxg5 Nxe5 21. dxe5 Qxe5+ 22. Qe3 Qc7) 18. Ngf3 f6 {And now ...Ndxe5 would win.} 19. Nxd7 Qxd7 20. Be3 Bd6 {Strongly threatening ...e5.} 21. g4 (21. Qd2 $15) 21... Bxd3 $1 $17 22. Qxd3 {[#]} Qc7 (22... Bxf4 $1 $17 {[%mdl 512] Threatens to win with ...e5.} 23. Bxf4 e5) 23. Qd2 $15 Na5 {aiming for ...Nc4.} 24. b3 {Inhibits Nc4.} Re7 25. O-O Rc8 26. Rac1 Qd8 27. f5 exf5 28. gxf5 Qd7 ({Resist} 28... gxf5 29. Nh4 Rg7+ 30. Kh1 $14) 29. c4 $2 {[#] This move loses the game for White.} (29. Rce1 $11) 29... dxc4 $1 $19 {[%cal Ob7b5]} 30. Qxa5 {Black must now prevent Bh6.} (30. Bh6 Qxf5) 30... Rxe3 31. bxc4 Qc6 ({Not} 31... gxf5 32. Qd5+ Kh8 33. Rce1 Rg8+ 34. Qxg8+ Kxg8 35. Rxe3 $17) ({And not} 31... Qxf5 32. Qxf5 gxf5 33. Nh4 $15) 32. d5 Qe8 33. c5 $2 {[#]} (33. Qd2) 33... b6 $1 34. Qd2 Bxc5 35. Kh1 Qe4 36. Qg2 Qxf5 37. Rcd1 Rd8 38. Ng1 Qe5 39. Rf3 Rxf3 40. Nxf3 Qe4 41. Qg4 f5 42. Qxe4 fxe4 {[%mdl 4096] Endgame KRB-KRN} 43. Ng5 e3 44. Ne6 {[#]} e2 $1 {[%mdl 512]} 45. Re1 Rxd5 46. Rxe2 Kf7 47. Kg2 Kf6 {Black is winning.} 48. Nf4 Re5 49. Rc2 Kf5 {Weighted Error Value: White=0.36/Black=0.17 (very precise)} 0-1

[Event "Vienna GM February 2022"]
[Site "Vienna"]
[Date "2022.02.17"]
[Round "1.2"]
[White "Nagy, Gabor"]
[Black "Baumegger, Siegfried"]
[Result "1/2-1/2"]
[WhiteElo "2530"]
[BlackElo "2464"]
[Annotator "TA"]
[PlyCount "107"]
[EventDate "2022.02.16"]
[EventType "tourn"]
[EventCountry "AUT"]
[SourceTitle "playchess.com"]
[Source "ChessBase"]
[SourceQuality "1"]

{[%evp 12,107,15,16,10,18,-2,0,6,-21,8,-37,-38,-41,-29,-97,-87,-90,-92,-85,-102,-96,-98,-89,-84,-86,-103,-96,-44,-53,0,0,0,0,0,0,0,0,17,17,18,20,18,18,16,15,14,13,18,16,74,74,104,104,104,104,182,104,168,6,6,6,8,0,59,1,60,8,8,0,0,0,68,33,94,15,18,20,17,8,8,0,8,8,8,8,22,20,17,8,8,8,8,8,8,14,14,0]} 1. c4 c5 2. Nc3 g6 3. g3 Bg7 4. Bg2 Nc6 5. Nf3 d6 6. O-O e6 {6...Bf5 is becoming the main line.} 7. a3 Nge7 {A37: Symmetrical English vs ...g6: 4 Bg2 Bg7 5 Nf3.} 8. b4 O-O 9. Qb3 b6 10. Bb2 {[#]} Rb8 $146 ({Predecessor:} 10... Bb7 11. Rfd1 Rc8 12. e3 d5 13. d3 Ba8 14. Rac1 d4 15. exd4 Nxd4 16. Nxd4 Bxd4 {0-1 (80) Lai,H (2319)-Abasov,N (2544) Wijk aan Zee 2015}) 11. Rfd1 (11. e3 $11 {should be considered.}) 11... d5 $15 12. cxd5 exd5 {[%cal Be6d5,Bd5d4][%mdl 32]} 13. d3 (13. d4 $11) 13... d4 $17 14. Ne4 Be6 15. Qa4 b5 16. Qc2 cxb4 17. axb4 Nxb4 18. Qc5 Nec6 19. Bc1 {[%cal Bb2c1,Bc1g5,Bg5f6][%mdl 32]} Bb3 (19... f5 $17 20. Nd6 Qb6 21. Qxb6 Rxb6) 20. Bg5 $15 Qb6 (20... f6 $15 21. Rdb1 fxg5 22. Rxb3 Rf5) 21. Rdc1 $1 $11 {[%cal Bd1c1,Bc1c5,Bc5b5][%mdl 32]} Bd5 22. Nf6+ Bxf6 23. Bxf6 Qxc5 24. Rxc5 Rfe8 25. Nxd4 Bxg2 26. Kxg2 Nxd4 27. Bxd4 Rxe2 28. Rxa7 Nxd3 {[#]} 29. Rxb5 Rd8 (29... Rxf2+ $2 30. Kg1 Rc8 31. Rc7 $3 $18 {[%mdl 512]}) (29... Ree8 30. Re7) 30. Rd7 Rde8 (30... Ree8 $11 31. Rxd8 Rxd8) 31. Rbb7 $16 Ne1+ {[#]} 32. Kf1 $1 Nf3 33. Be3 Re1+ 34. Kg2 Ne5 {[#]} (34... R8xe3 $16 35. fxe3 Ne5) 35. Re7 $2 (35. Rdc7 $1 $18) 35... Rxe7 $11 36. Rxe7 {[%mdl 4096] Endgame KRB-KRN} f6 37. Bh6 Rb1 (37... Rd1 $11) 38. h3 ({White should play} 38. Bg7 $1 $14) 38... Rb8 ({Better is} 38... Rd1 $11) 39. Rg7+ (39. Bg7 $1 $14) 39... Kh8 40. f4 Rb2+ 41. Kf1 Nc4 (41... Nf3 $11) 42. Rf7 {[%cal Rf7f8]} (42. Rc7 $5 {[%cal Rc7c8]} Nd2+ 43. Ke2 Ne4+ 44. Kd3 (44. Ke3 Nd6 $16) 44... Nf2+ 45. Kd4 $16) 42... Rb8 (42... Ne3+ $14 43. Kg1 Rb8) 43. g4 (43. Rxf6 $16 Kg8 44. g4) 43... Nd2+ {The position is equal.} 44. Ke2 Ne4 45. Re7 f5 46. Ke3 Rd8 47. Bg7+ Kg8 48. Be5 Nd6 49. Rg7+ Kf8 {...Nc4+ is the strong threat.} 50. Rxh7 {Strongly threatening Rh8+.} Nc4+ 51. Ke2 {Hoping for Rh8+.} Rd2+ 52. Ke1 {Black should prevent gxf5.} fxg4 53. hxg4 Rg2 54. Bf6 {Weighted Error Value: White=0.20 (precise) /Black=0.19 (very precise)} 1/2-1/2

[Event "Vienna GM February 2022"]
[Site "Vienna"]
[Date "2022.02.17"]
[Round "1.4"]
[White "Sahidi, Samir"]
[Black "Diermair, Andreas"]
[Result "1/2-1/2"]
[WhiteElo "2432"]
[BlackElo "2469"]
[Annotator "TA"]
[PlyCount "64"]
[EventDate "2022.02.16"]
[EventType "tourn"]
[EventCountry "AUT"]
[SourceTitle "playchess.com"]
[Source "ChessBase"]
[SourceQuality "1"]

{[%evp 31,64,-26,-18,-27,-17,-20,-20,-21,-21,-24,-23,-41,0,-93,-15,-9,-10,-11,-10,-10,-8,-6,-7,-7,-10,-7,-7,-6,-4,-8,-4,-9,-7,-10,0]} 1. e4 e5 2. Nf3 Nc6 3. Bb5 a6 4. Ba4 Nf6 5. O-O Be7 6. Re1 b5 7. Bb3 d6 8. c3 O-O 9. h3 Bb7 10. d4 Re8 11. Nbd2 Bf8 12. Bc2 Nb8 13. b3 Nbd7 14. d5 c6 15. c4 Qc7 16. Bb2 g6 17. a4 {[#] C95: Closed Ruy Lopez: Breyer Variation with 10 d4.} bxc4 $146 ({Predecessor:} 17... Rec8 18. dxc6 Bxc6 19. axb5 axb5 20. Qe2 Qb7 {½-½ (20) Rada,H-Winter,W Austria 1992}) 18. bxc4 a5 19. Nb3 Ba6 20. Bd3 Reb8 21. Ba3 Nb6 (21... Bh6 $15 {might be stronger.}) 22. Qc2 (22. c5 $1 $11 {keeps the balance.} Bxd3 23. Qxd3 (23. cxb6 Qxb6 24. Qxd3 Qxb3 $17) 23... dxc5 24. d6 Bxd6 25. Nxc5) 22... Rc8 (22... cxd5 $17 23. cxd5 Qxc2 24. Bxc2 Nc4) 23. dxc6 $11 {The position is equal.} Qxc6 {[%cal Ra6c4]} 24. Nxa5 Qxa4 25. Qxa4 Nxa4 26. Bxd6 Nb2 27. Bxf8 {[#] And now Be2 would win.} Nxd3 28. Re3 {Hoping for Be7.} Kxf8 29. Rxd3 Bxc4 30. Rda3 Be6 31. Nxe5 Nxe4 32. Nec6 Bd5 {Weighted Error Value: White=0.13 (very precise) /Black=0.15 (very precise)} 1/2-1/2

[Event "Vienna GM February 2022"]
[Site "Vienna"]
[Date "2022.02.17"]
[Round "1.5"]
[White "Baenziger, Fabian"]
[Black "Horvath, Dominik"]
[Result "1/2-1/2"]
[WhiteElo "2418"]
[BlackElo "2483"]
[Annotator "TA"]
[PlyCount "39"]
[EventDate "2022.02.16"]
[EventType "tourn"]
[EventCountry "AUT"]
[SourceTitle "playchess.com"]
[Source "ChessBase"]
[SourceQuality "1"]

{[%evp 15,30,18,19,11,19,15,14,17,22,29,25,27,22,22,18,14,12]} 1. d4 d5 2. c4 c6 3. Nf3 Nf6 4. Nc3 e6 5. e3 a6 6. b3 Bb4 7. Bd2 Nbd7 8. Bd3 O-O 9. O-O {[%cal Oc3d5] D45: Semi-Slav: 5 e3.} Qe7 10. Qc2 e5 11. dxe5 Nxe5 12. Nxe5 Qxe5 {[#]} 13. Nxd5 $1 {is the legacy move (13.cxd5).} Nxd5 14. cxd5 Bxd2 15. Qxd2 {Hoping for dxc6.} Qxd5 {[#] An even fight not without its subleties.  Weighted Error Value: White=0.00 (flawless) /Black=0.00 (flawless)} {Predecessor:} 16. Qc2 $146 g6 17. Rad1 Qe5 18. h3 Qe7 19. Qc3 Be6 20. Bc4 {½-½ (20) Kuzubov,Y (2647)-Banusz,T (2612) Valjevo 2018} 1/2-1/2

[Event "Vienna GM February 2022"]
[Site "Vienna"]
[Date "2022.02.18"]
[Round "2.3"]
[White "Menezes, Christoph"]
[Black "Sahidi, Samir"]
[Result "1/2-1/2"]
[WhiteElo "2415"]
[BlackElo "2432"]
[Annotator "TA"]
[PlyCount "158"]
[EventDate "2022.02.16"]
[EventType "tourn"]
[EventCountry "AUT"]
[SourceTitle "playchess.com"]
[Source "ChessBase"]
[SourceQuality "1"]

{[%evp 20,158,35,35,50,43,35,26,33,18,21,20,41,-27,-27,-24,-17,-77,-31,-85,-83,-224,-64,-193,-152,-174,-171,-209,0,-7,0,-25,-12,-23,-30,-22,0,-146,-50,-34,-52,-47,-14,-14,-22,-12,0,0,0,0,0,0,0,0,0,0,0,0,0,0,0,-43,-46,-60,-64,-60,-56,-46,-18,-47,-18,-25,-19,-36,-36,-46,-8,-8,-8,-14,-21,-22,0,-45,-10,-12,-14,-106,-41,-41,-42,-81,-39,-55,0,0,0,-54,0,0,0,0,0,0,0,0,0,0,7,0,59,8,8,8,41,29,68,35,90,0,0,0,56,56,48,0,0,0,0,0,0,0,0,0,0,0,0,0,0,0,0]} 1. d4 Nf6 2. c4 e6 3. Nc3 d5 4. cxd5 Nxd5 5. e4 Nxc3 6. bxc3 c5 7. Rb1 cxd4 8. cxd4 Be7 9. Nf3 O-O 10. Bc4 Nd7 11. O-O Nf6 {D41: Queen's Gambit Declined: Semi-Tarrasch with 5 cxd5.} 12. Qe2 b6 13. Bb2 Bb7 {White has an edge.} 14. Bd3 Rc8 {[#]} 15. Rfd1 $146 ({Predecessor:} 15. Rbd1 Qc7 16. Rfe1 Bb4 17. Rf1 Be7 18. Rc1 Qf4 19. g3 Qg4 20. Rce1 Bb4 21. Ne5 Qxe2 22. Rxe2 {0-1 (39) Assaubayeva,B (2389)-Koneru,H (2586) Chess.com INT 2021}) 15... Qc7 16. d5 (16. a4 $14) 16... exd5 $11 17. Be5 Qd8 {[%cal Rd5e4]} 18. Nd4 (18. exd5 $11 Nxd5 19. Qe4) 18... Bc5 (18... dxe4 19. Bc4 $11) (18... Re8 $17 19. Bb5 Nxe4 20. Bxe8 Qxe8) 19. Nf5 (19. Nb3 $1 $15) 19... Re8 $17 (19... dxe4 20. Bc4 Bd5 21. Rxd5 $1 $18 {[%mdl 512]}) 20. Bb2 (20. Qb2 $17 {is a better defense.}) 20... d4 $2 (20... dxe4 21. Bc4 (21. Bb5 e3 $16) 21... e3 22. fxe3 $16 (22. Rxd8 exf2+ 23. Kf1 Rcxd8 $11)) (20... Nxe4 $19 21. Qg4 g6 22. Nh6+ Kf8) 21. e5 ({White must play} 21. f3 $15) 21... Qd5 $19 {[%csl Gb7,LRa2,LRe5,LRg2][%cal Rd5g2]} 22. f4 g6 (22... Qxa2 23. Ra1 Qd5 24. Rxa7 $11) 23. Ng3 Nd7 $2 ({Worse is} 23... Qxa2 24. Ra1 Qd5 25. Rxa7 $17) (23... h5 $1 $19 {Strongly threatening ...h4.} 24. Qf2 Ng4) 24. Kh1 $1 $11 {Black must now prevent Be4.} Qe6 25. Bb5 (25. Bc4 $5 {[%cal Rc4e6]} Bd5 26. Bxd5 Qxd5 27. Bxd4 $1 Bxd4 28. Rb4 $11) 25... Red8 26. Bxd4 Bxd4 27. Rxd4 {And now Rbd1 would win.} Nc5 (27... Qe7 $5 {[%cal Rd7c5]}) 28. Bc4 {[#]} Qe7 (28... Rxd4 $1 $17 29. Bxe6 Nxe6) 29. Rxd8+ Rxd8 30. f5 {To avoid Ne6} Bd5 {White should prevent ...Bxc4.} (30... Rd4 $5 {[%cal Rc5e4]}) 31. Rf1 Bxc4 32. Qxc4 Re8 33. h3 Nd7 34. e6 fxe6 {[%cal Ob6b5]} 35. fxg6 hxg6 36. Qg4 Ne5 37. Qf4 Nf7 38. Ne4 {Threatens to win with Nf6+.} Kg7 39. Qg4 Rc8 40. Nf6 (40. Qg3 $11 {is superior.}) 40... Nh6 $1 $15 41. Qe2 Rf8 (41... Nf5 {keeps more tension.} 42. Ne4 Qb4 43. Kh2 Qc4 44. Qf3 Qd4) 42. Ne4 Rxf1+ 43. Qxf1 Nf5 44. Qd3 e5 (44... Qc7 {with more complications.} 45. Qd2 a6 46. Kg1 b5 47. g4 Ne7) 45. Qd5 Nd4 46. Nd6 Ne2 47. Ne4 {Inhibits Nc3.} Qc7 {( -> ...Qc1+)} 48. Kh2 Nf4 49. Qb3 Qc6 50. Qa3 $1 {aiming for Qe7+.} Qc7 {Prevents Qe7+.} 51. Qa4 (51. Qb3 $11) 51... Nd5 52. Ng5 $1 Qe7 {Inhibits Ne6+.} 53. Qh4 {[#]} (53. h4 $11 {remains equal.}) 53... Nf6 (53... e4 $1 $17 54. Qh7+ Kf6 55. Qxe7+ Nxe7 56. Nxe4+ Ke5) 54. Qc4 $1 e4 {...Qe5+ is the strong threat.} 55. Ne6+ {[#]} Kh7 ({Black should try} 55... Kh6 $1 $17 56. Qc1+ Kh7) 56. Kg1 Ne8 (56... e3 $15) 57. Qd5 $1 $11 (57. Qxe4 $2 Ng7 58. Qe2 Nxe6 $19) 57... Nd6 58. Qe5 (58. h4 $11) 58... Kg8 (58... Nf5 $1 $15) 59. Kf2 b5 60. Ke2 a6 61. g4 Kf7 62. Ng5+ Ke8 $1 63. Qd5 e3 64. Qa8+ Qd8 (64... Kd7 $11 65. Qa7+ Ke8 66. Qa8+ Kd7 67. Qa7+ Ke8 68. Qa8+) 65. Qxd8+ (65. Qxa6 $14 Qf6 66. Qc6+ Ke7 67. Qc7+ (67. Ne4 Qb2+ 68. Kf3 Nc4 $11) 67... Ke8 68. Nf3) 65... Kxd8 66. Kxe3 $14 {[%mdl 4096] Endgame KN-KN} Ke7 67. Kd4 $1 Kf6 68. Nf3 (68. h4 $5 {[%cal Rg5e4]} Ke7 69. Ne4 $16) 68... g5 (68... Nc4 $14) 69. Kc5 ({Better is} 69. Ne5 $16) 69... Ne4+ $11 70. Kb4 Kg6 (70... Nf2 $11) 71. Ka5 Nc3 72. Kxa6 (72. a3 $14 {is more appropriate.}) 72... b4 {The position is equal.} 73. Ka5 Nxa2 74. Ka4 Kf6 75. Kb3 Nc1+ 76. Kxb4 Nd3+ 77. Kc3 Nf2 78. h4 gxh4 79. Nxh4 Nxg4 {Weighted Error Value: White=0.25 (precise) /Black=0.26 (precise)} 1/2-1/2

[Event "Vienna GM February 2022"]
[Site "Vienna"]
[Date "2022.02.18"]
[Round "2.4"]
[White "Baumegger, Siegfried"]
[Black "Kraus, Tomas"]
[Result "0-1"]
[WhiteElo "2464"]
[BlackElo "2477"]
[Annotator "TA"]
[PlyCount "100"]
[EventDate "2022.02.16"]
[EventType "tourn"]
[EventCountry "AUT"]
[SourceTitle "playchess.com"]
[Source "ChessBase"]
[SourceQuality "1"]

{[%evp 13,100,22,22,10,27,33,32,14,14,16,14,12,20,14,39,27,44,32,27,35,25,29,32,27,39,31,27,15,83,50,113,67,66,68,75,57,68,85,170,152,214,220,204,173,165,138,159,150,121,26,108,0,59,16,96,116,143,-153,-134,-163,-167,-213,-196,-416,-433,-437,-400,-618,-598,-755,-608,-1392,-1124,-1372,-1286,-1383,-1405,-1694,-1623,-3730,-1643,-29964,-29965,-29966,-29968,-29966,-29969,-29964,-5093]} 1. e4 c5 2. Nf3 e6 3. g3 Nc6 4. Bg2 Nf6 5. d3 d5 6. Nbd2 g6 7. O-O Bg7 8. Re1 {A08: King's Indian Attack.} b6 9. c3 a5 10. a4 {White is slightly better.} O-O 11. exd5 exd5 12. Nb3 Bf5 13. Bf4 Nh5 14. Bg5 Qd7 15. d4 c4 16. Nbd2 h6 17. Be3 {[#]} Rfe8 $146 ({Predecessor:} 17... Nf6 18. Ne5 Nxe5 19. dxe5 Ng4 20. Bd4 f6 21. exf6 Bxf6 22. Bxf6 Nxf6 23. Nf3 Be4 {1-0 (36) Drabke,L (2461)-Bodrozic,T (2301) Baden 2015}) 18. b3 cxb3 19. Qxb3 Rab8 20. Rac1 Kh7 (20... g5 $11) 21. Qb5 {[%cal Oh2h3]} Qd6 (21... Nf6 $14) 22. c4 (22. Nh4 $16 {[%cal Od2c4] Black must now prevent Nc4!} Be6 23. Bf3) 22... Nb4 $14 23. cxd5 {[%cal Of3e5] aiming for Ne5!} Bd7 24. Qe2 {[%cal Of3e5]} Nxd5 25. Nc4 Qe6 (25... Qe7 $16) 26. Qd2 Nxe3 (26... b5 $16 {keeps fighting.}) 27. Rxe3 $18 Qf6 28. Nfe5 Bxa4 29. Rf3 Qg5 30. Qxg5 (30. Rxf7 $6 Qxd2 31. Nxd2 Rec8 $16) 30... hxg5 31. Nd6 ({But not} 31. Nxf7 g4 32. Ra3 Bxd4 $11) (31. Rxf7 $16 {And now Be4 would win.} Rec8 32. Rb1) 31... Re7 (31... Bxe5 $11 32. Nxe8 (32. dxe5 Rxe5 33. Nxf7 Re7 $11) 32... Bf4 33. gxf4 g4 34. Nf6+ Nxf6) 32. Ndxf7 ({White should play} 32. Rxf7 $16 Rxf7 33. Ndxf7) 32... Bf6 (32... Bxe5 $11 33. dxe5 (33. Nxe5 Rd8 $11) 33... g4 34. Ng5+ Kh6) 33. Re3 (33. Rfc3 $14) 33... Kg7 (33... Ng7 $11 {keeps the balance.}) 34. Nd6 $16 {Hoping for Nc8.} Rd8 {[#]} 35. Ne4 {[%mdl 8192] Pair of Knights!} (35. Nc8 $1 $16 {[%cal Rc8e7] is forced if you want to stay better.} Bxe5 36. dxe5 (36. Nxe7 Bxd4 37. Re6 Nf6 $16)) 35... Rxd4 36. Nxf6 Nxf6 37. Nf3 (37. Bf3 {was worth a try.}) 37... Rxe3 $19 38. fxe3 $2 (38. Nxd4 Rd3 39. Ne6+ Kh6 40. Bf1) 38... Rd1+ 39. Rxd1 Bxd1 40. Nxg5 {[%mdl 4096] Endgame KBN-KBN} (40. Nd4 $142) 40... a4 41. Bf1 Bb3 {[#] Inhibits Ne6+. Strongly threatening ...a3.} 42. Nf3 a3 {( -> ...a2)} 43. Nd4 Ba4 {...a2 is the strong threat.} 44. Bc4 Ne4 {[%cal Ob6b5]} 45. Kg2 b5 {[%cal Bb6b5,Bb5a4][%mdl 32]} 46. Bb3 Nd2 (46... Bxb3 $142 47. Nxb3 a2) 47. Bxa4 bxa4 {Black mates.} 48. Nc2 a2 49. Kf2 Nb3 50. Ke2 a1=Q {Black used his chance.  Weighted Error Value: White=0.84/Black=0.34} 0-1

[Event "Vienna GM February 2022"]
[Site "Vienna"]
[Date "2022.02.18"]
[Round "2.5"]
[White "Froewis, Georg"]
[Black "Nagy, Gabor"]
[Result "1/2-1/2"]
[WhiteElo "2449"]
[BlackElo "2530"]
[Annotator "TA"]
[PlyCount "28"]
[EventDate "2022.02.16"]
[EventType "tourn"]
[EventCountry "AUT"]
[SourceTitle "playchess.com"]
[Source "ChessBase"]
[SourceQuality "1"]

{[%evp 17,28,6,11,10,23,0,0,0,0,-18,14,0,0]} 1. c4 c5 2. Nf3 Nf6 3. b3 g6 4. Bb2 Bg7 5. g3 O-O 6. Bg2 d6 7. O-O e5 8. d3 Nc6 9. Nc3 Rb8 10. e3 {A38: Symmetrical English vs ...g6: 4 Bg2 Bg7 5 Nf3 Nf6.} Bf5 11. h3 {[#]} Nb4 $146 {The position is equal.} ({Predecessor:} 11... a6 12. Nh4 Bd7 13. Ne4 Qe7 14. Rb1 b5 15. Kh2 Nh5 16. Nc3 f5 17. Nd5 Qf7 {0-1 (78) Jones,G (2682)-Shinkevich,V (2439) St Petersburg 2018}) 12. Ne1 a6 13. Qe2 h6 14. Kh2 Re8 {Not much happened in this game.  Weighted Error Value: White=0.10 (very precise) /Black=0.09 (flawless)} 1/2-1/2

[Event "Vienna GM February 2022"]
[Site "Vienna"]
[Date "2022.02.19"]
[Round "3.1"]
[White "Dragnev, Valentin"]
[Black "Nagy, Gabor"]
[Result "1-0"]
[WhiteElo "2533"]
[BlackElo "2530"]
[Annotator "ChessBase"]
[PlyCount "135"]
[EventDate "2022.02.16"]
[EventType "tourn"]
[EventCountry "AUT"]
[SourceTitle "playchess.com"]
[Source "ChessBase"]
[SourceQuality "1"]
[TimeControl "40/5400+30:1800+30"]

1. e4 {[%emt 0:02:26]} c5 {[%emt 0:00:16]} 2. Nf3 {[%emt 0:00:26]} e6 {[%emt 0:00:09]} 3. d4 {[%emt 0:00:12]} cxd4 {[%emt 0:00:11]} 4. Nxd4 {[%emt 0:00:08]} Nc6 {[%emt 0:00:09]} 5. Nc3 {[%emt 0:00:24]} a6 {[%emt 0:00:10]} 6. Nxc6 {[%emt 0:00:46]} bxc6 {[%emt 0:00:09]} 7. Qf3 {[%emt 0:00:34]} d5 {[%emt 0:00:38]} 8. Qg3 {[%emt 0:00:14]} Ne7 {[%emt 0:06:46]} 9. h4 {[%emt 0:00:24]} d4 {[%emt 0:05:07]} 10. Nb1 {[%emt 0:03:38]} c5 {[%emt 0:01:20]} 11. Na3 {[%emt 0:02:56]} Nc6 {[%emt 0:00:25]} 12. Nc4 {[%emt 0:05:19]} f6 {[%emt 0:00:38]} 13. Bd3 {[%emt 0:06:50]} Ra7 {[%emt 0:01:43]} 14. Bd2 {[%emt 0:16:11]} Rf7 {[%emt 0:05:04]} 15. O-O-O {[%emt 0:04:48]} Nb4 {[%emt 0:03:01]} 16. Kb1 {[%emt 0:02:56]} Be7 {[%emt 0:01:58]} 17. Be2 {[%emt 0:04:04]} O-O {[%emt 0:00:50]} 18. f4 {[%emt 0:00:59]} Kh8 {[%emt 0:02:28]} 19. a3 {[%emt 0:01:16]} Nc6 {[%emt 0:01:44]} 20. h5 {[%emt 0:01:43]} Bd6 {[%emt 0:02:18]} 21. e5 {[%emt 0:08:01]} Bc7 {[%emt 0:01:30]} 22. Bd3 {[%emt 0:00:41]} f5 {[%emt 0:01:43]} 23. Qh3 {[%emt 0:02:08]} Ne7 {[%emt 0:01:00]} 24. Rhg1 {[%emt 0:06:54]} Bb7 {[%emt 0:00:34]} 25. Be1 {[%emt 0:05:06]} Ng8 {[%emt 0:01:47]} 26. Bh4 {[%emt 0:04:04]} Qe8 {[%emt 0:02:25]} 27. Bg5 {[%emt 0:00:33]} Bd5 {[%emt 0:02:36]} 28. g4 {[%emt 0:05:30]} Qc6 {[%emt 0:02:19]} 29. h6 {[%emt 0:02:14]} g6 {[%emt 0:06:10]} 30. gxf5 {[%emt 0:00:07]} exf5 {[%emt 0:00:18]} 31. b3 {[%emt 0:01:26]} a5 {[%emt 0:00:34]} 32. a4 {[%emt 0:00:15]} Rb8 {[%emt 0:00:10]} 33. Kc1 {[%emt 0:00:20]} Qe6 {[%emt 0:00:38]} 34. Nd2 {[%emt 0:01:54]} Ne7 {[%emt 0:00:51]} 35. Bxe7 {[%emt 0:00:35]} Rxe7 {[%emt 0:00:23]} 36. Bc4 {[%emt 0:00:15]} Bd8 {[%emt 0:00:50]} 37. Bxd5 {[%emt 0:03:37]} Qxd5 {[%emt 0:00:07]} 38. Qg2 {[%emt 0:00:18]} Qxg2 {[%emt 0:00:49]} 39. Rxg2 {[%emt 0:00:04]} Kg8 {[%emt 0:00:09]} 40. Nc4 {[%emt 0:02:49]} Kf7 {[%emt 0:02:04]} 41. Rh1 {[%emt 0:10:43]} Bc7 {[%emt 0:01:48]} 42. Kd2 {[%emt 0:01:18]} Ke6 {[%emt 0:00:09]} 43. Kd3 {[%emt 0:00:16]} Rd7 {[%emt 0:00:10]} 44. Rhg1 {[%emt 0:00:26]} Re8 {[%emt 0:03:26]} 45. Na3 {[%emt 0:27:12]} Kd5 {[%emt 0:00:40]} 46. Nc4 {[%emt 0:00:00]} Ke6 {[%emt 0:00:51]} 47. Rd1 {[%emt 0:00:00]} Rb8 {[%emt 0:00:44]} 48. Ke2 {[%emt 0:00:00]} Rbd8 {[%emt 0:01:58]} 49. Rd3 {[%emt 0:00:00]} Rb8 {[%emt 0:00:06]} 50. Kf3 {[%emt 0:00:00]} Rd5 {[%emt 0:00:49]} 51. Rg1 {[%emt 0:00:00]} Rdd8 {[%emt 0:01:40]} 52. Na3 {[%emt 0:00:00]} Rb4 {[%emt 0:01:50]} 53. Nb5 {[%emt 0:00:00]} Bb6 {[%emt 0:00:11]} 54. Rgd1 {[%emt 0:00:00]} Rg8 {[%emt 0:01:41]} 55. Rg1 {[%emt 0:00:00]} Rd8 {[%emt 0:00:08]} 56. Na3 {[%emt 0:00:00]} Bc7 {[%emt 0:01:20]} 57. Rg2 {[%emt 0:00:00]} Bb6 {[%emt 0:00:43]} 58. Nc4 {[%emt 0:00:00]} Bc7 {[%emt 0:00:16]} 59. Ke2 {[%emt 0:00:00]} Rbb8 {[%emt 0:00:44]} 60. Nd2 {[%emt 0:00:00]} Rb4 {[%emt 0:01:40]} 61. Rgg3 {[%emt 0:00:10]} Rd5 {[%emt 0:00:37]} 62. Nf3 {[%emt 0:01:29]} Rd7 {[%emt 0:01:11]} 63. Ng5+ {[%emt 0:02:18]} Kd5 {[%emt 0:00:07]} 64. c3 {[%emt 0:00:18]} Rb8 {[%emt 0:00:12]} 65. cxd4 {[%emt 0:00:11]} c4 {[%emt 0:01:35]} 66. bxc4+ {[%emt 0:00:45]} Kxc4 {[%emt 0:00:02]} 67. Rc3+ {[%emt 0:00:12]} Kxd4 {[%emt 0:00:08]} 68. Rgd3# {[%emt 0:00:00]} 1-0